Countries where the legal age of drinking alcohol is higher than 18 - Statistics

General Stats
  • This quiz has been taken 2,238 times
  • The average score is 6 of 10
Answer Stats
Continent Legal Age Answer % Correct
North America 21 years old United States
98%
North America 19 years old (in some provinces) Canada
90%
Asia 20 years old Japan
75%
Asia From 19 to 25 years old (depending on the states) India
68%
Middle East 21 years old United Arab Emirates
65%
Middle East 21 years old Oman
57%
Asia 19 years old South Korea
57%
Central America 19 years old Nicaragua
49%
Asia 21 years old Pakistan
45%
Europe 20 years old Iceland
32%
No matching quizzes found
Score Distribution
Percent of People with Each Score
Percentile by Number Answered
Your Score History
You have not taken this quiz